All F1 Drivers by Year - Statistics

General Stats
  • This quiz has been taken 21 times
  • The average score is 53 of 64
Answer Stats
Country Answer Team % Correct
UK Hamilton Ferrari
100%
UK Hamilton Mercedes
100%
UK Hamilton Mercedes
100%
Thailand Albon Williams
94%
Thailand Albon Williams
94%
Thailand Albon Williams
94%
Italy Antonelli Mercedes
94%
Argentina Colapinto Alpine
94%
Argentina Colapinto Williams
94%
New Zealand Lawson Racing Bulls
94%
New Zealand Lawson RB Honda
94%
New Zealand Lawson AlphaTauri
94%
Monaco Leclerc Ferrari
94%
Monaco Leclerc Ferrari
94%
Monaco Leclerc Ferrari
94%
UK Norris Mclaren
94%
UK Norris Mclaren
94%
UK Norris Mclaren
94%
Australia Piastri Mclaren
94%
Australia Piastri Mclaren
94%
Australia Piastri Mclaren
94%
UK Russell Mercedes
94%
UK Russell Mercedes
94%
UK Russell Mercedes
94%
Spain Sainz Williams
94%
Spain Sainz Ferrari
94%
Spain Sainz Ferrari
94%
Spain Alonso Aston Martin
89%
Spain Alonso Aston Martin
89%
Spain Alonso Aston Martin
89%
UK Bearman Haas
89%
Brazil Bortoleto Kick Sauber
89%
Australia Doohan Alpine
89%
Australia Doohan Alpine
89%
France Gasly Alpine
89%
France Gasly Alpine
89%
France Gasly Alpine
89%
France Hadjar Racing Bulls
89%
Germany Hulkenberg Kick Sauber
89%
Germany Hulkenberg Haas
89%
Germany Hulkenberg Haas
89%
France Ocon Haas
89%
France Ocon Alpine
89%
France Ocon Alpine
89%
Canada Stroll Aston Martin
89%
Canada Stroll Aston Martin
89%
Canada Stroll Aston Martin
89%
Mexico Perez Red Bull
83%
Mexico Perez Red Bull
83%
Netherlands Verstappen Red Bull
83%
Netherlands Verstappen Red Bull
83%
Australia Ricciardo RB Honda
61%
Australia Ricciardo AlphaTauri
61%
Finland Bottas Kick Sauber
56%
Finland Bottas Alfa Romeo
56%
Japan Tsunoda RB Honda
56%
Japan Tsunoda AlphaTauri
56%
China Zhou Kick Sauber
50%
China Zhou Alfa Romeo
50%
USA Sargeant Williams
44%
USA Sargeant Williams
44%
Netherlands De Vries AlphaTauri
39%
Denmark Magnussen Haas
39%
Denmark Magnussen Haas
39%
No matching quizzes found
Score Distribution
Percent of People with Each Score
Percentile by Number Answered
Your Score History
You have not taken this quiz